000
00183nam a2200097Ia 4500
100
_a
#N/A
942
_c
BK
245
_a
Embedded Real - Time Systems
260
_b
#N/A
082
_b
22589
999
_c
34900
_d
34900